000 00293nam a2200121Ia 4500
008 190216s9999||||xx |||||||||||||| ||und||
100 _aNarang.A.S
245 0 _aDemocracy In India: Issues & Challanage
260 _bNcrt - Newdelhi
_c2003
300 _a287
650 _aHistory
942 _cREF
999 _c36711
_d36711